Έννοια και χρησιμότητα της φιλοσοφίας : 1. έννοια

Αποθηκεύτηκε σε:
Λεπτομέρειες βιβλιογραφικής εγγραφής
Κύριος συγγραφέας: Νικολούδης, Ηλίας Π., 1939-
Μορφή: Βιβλίο
Γλώσσα:Greek
Δημοσίευση: Αθήνα : [Γρηγόρης], 1980
Θέματα:
Ετικέτες: Προσθήκη ετικέτας
Δεν υπάρχουν, Καταχωρήστε ετικέτα πρώτοι!

MARC

LEADER 00000cam a2200000 i 4500
001 1/89901
008 051123s1980 gre d
035 |l 10081441 
040 |a GR-MY-UA  |b gre  |e aacr 
041 0 |a gre 
082 0 |a 190  |2 (22) 
100 1 |a Νικολούδης, Ηλίας Π.,   |d 1939- 
245 1 0 |a Έννοια και χρησιμότητα της φιλοσοφίας :  |b 1. έννοια /  |c Η. Π. Νικολούδη 
260 |a Αθήνα :   |b [Γρηγόρης],   |c 1980 
300 |a 335 σ.;  |c 21 εκ. 
504 |a Βιβλιογραφία: σ. [271]-316 
650 0 0 |a Philosophy  |x Introductions. 
852 |a INST  |b RHODES  |c KRI  |e 20051123  |h  190 ΝΙΚ  |p 005400028133  |q 005400028133  |t BK  |y 0 
901 |a BIBL4-2005-3 
909 |a Ρ  |b 122658 
970 |a ΚΟΖΑ  |b ΜΑΡΙΑ  |z 2005/11/23